| 000 | 00000nam##2200000za#4500 |
| 001 | 9.570652 |
| 003 | CaOODSP |
| 005 | 20210624182339 |
| 007 | cr ||||||||||| |
| 008 | 150406|2005||||xxc|||||o f|0| 0 eng|d |
| 022 | |a1919-5087 |
| 040 | |aCaOODSP|beng |
| 043 | |an-cn--- |
| 086 | 1 |aFs70-6/2005-063E-PDF |
| 110 | 1 |aCanada. |bDepartment of Fisheries and Oceans. |bGulf Region. |
| 245 | 10|aRecovery potential assessment for winter skate in the southern Gulf of St. Lawrence (NAFO division 4T) |h[electronic resource] |
| 260 | |aDartmouth - Nova Scotia : |bFisheries and Oceans Canada. |cMarch 2006. |
| 300 | |a13p.|bfigs. (some coloured), graphs, illus., maps, references |
| 490 | 1 |aCanadian Science Advisory Secretariat science advisory report |x1919-5087|v2005/063, Gulf Region |
| 590 | |a11-14-Supp|b2011-08-12 |
| 775 | 08|tÉvaluation du potentiel de rétablissement de la raie tachetée du sud golfe du Saint-Laurent (division 4T et de l'OPANO) |w(CaOODSP)9.601299 |
| 830 | #0|aScience advisory report (Canadian Science Advisory Secretariat)|x1919-5087|v2005/063, Gulf Region|w(CaOODSP)9.506226 |
| 856 | 40|ahttp://publications.gc.ca|qPDF|s227 KB|uhttps://publications.gc.ca/collections/collection_2011/mpo-dfo/Fs70-6-2005-063-eng.pdf|y2005/063, Gulf Region |